000 00536nam a22001577a 4500
020 _qHard Cover.
082 _a540
100 _aNudrat, Ayesha
245 _aSimultaneous Hydrogen Formation and Pollutant Degradation over Pt-modified Morphology Controlled ZnSe Photocatalyst
_cAyesha Nudrat.
260 _aIslamabad:
_bSNS - NUST,
_c2017.
300 _a67 p. : ill. ;
_c30cm.
650 _aMs Thesis.
_918721
700 _aDr. Muhammad Fahad Ehsan
_916081
942 _2ddc
_cTHE
999 _c528352
_d528352